ბათუმის შოთა რუსთაველის სახელმწიფო უნივერსიტეტის ბიბლიოთეკა

საკვების ენერგეტიკული ყუათიანობა : (ბიბ.ჩანაწერი № 62981)

000 -ლიდერი
ფიქსირებული სიგრძის საკონტროლო ველი 01368nam a22001937a 4500
003 - საკონტროლო ნომრის იდენტიფიკატორი
საკონტროლო ველი Ge_BSU
005 - ბოლო ოპერაციის თარიღი და დრო
საკონტროლო ველი 20250422152016.0
008 - ფიქსირებული სიგრძის მონაცემთა ელემენტები - ზოგადი ინფორმაცია
ფიქსირებული სიგრძის საკონტროლო ველი 250422s2019 ge ||||| |||| 00| 0 geo d
041 ## - ენის კოდი
Language code of text/sound track or separate title geo
080 ## - უნივერსალური ათობითი კლასიფიკაციის ინდექსი
Universal Decimal Classification number 636.084(075) კ-77
100 ## - მთავარი ჩანაწერი - პიროვნების სახელი
Personal name კორახაშვილი, ავთანდილ
9 (RLIN) 5875
245 ## - ცნობა სათაურის შესახებ
Title საკვების ენერგეტიკული ყუათიანობა :
Remainder of title სახელმძღვანელო /
Statement of responsibility, etc შემდგენელი ავთანდილ კორახაშვილი; რედაქტორი თამარ სანიკიძე.
264 ## - წარმოების, გამოცემის, დისტრიბუციის და სხვა ცნობები
გამოცემის, წარმოების, დისტრიბუციის... ადგილი ქუთაისი,
გამოცემის, წარმოების, დისტრიბუციის... თარიღი 2019.
300 ## - ფიზიკური აღწერა
Extent 202 გვ. :
Other physical details ცხრ., სქ. ;
Dimensions 28 სმ.
500 ## - ზოგადი შენიშვნა
General note წიგნი შედგენილი და გამოცემულია გაეროს განვითარების პროგრამა საქართველოში (UNDP) შვეიცარიის განვითარებისა და თანამშრომლობის სააგენტო (SDC) მხარდაჭერით.
653 ## - INDEX TERM--UNCONTROLLED
Uncontrolled term სასოფლო-სამეურნეო ცხოველთა კვება
700 ## - ADDED ENTRY--PERSONAL NAME
Personal name სანიკიძე, თამარ
Relator term რედაქტორი
9 (RLIN) 24892
942 ## - ADDED ENTRY ELEMENTS (KOHA)
Source of classification or shelving scheme
Koha item type წიგნი
ეგზემპლარები
ჩამოწერის სტატუსი დაკარგული ეგზემპლარის სტატუსი კლასიფიკაციის წყარო ან თაროზე გაწყობის სქემა დაზიანების სტატუსი არ გაიცემა მუდმივი მდებარეობა (დაცვის ადგილი) ამჟამინდელი ადგილსამყოფელი თაროზე განთავსების ადგილი შეძენის თარიღი ღირებულება, შესყიდვის ნორმალური ფასი სრული შენახვის შიფრი შტრიხკოდი ბოლო ოპერაციის თარიღი ეგზემპლარის მიმდევრობითი ნომერი (კეტერი?) Uniform Resource Identifier ფასის ძალაში შესვლის თარიღი ეგზემპლარის სახეობა საჯარო შენიშვნა
          აგრარული და მემბრანული ტექნოლოგიების ინსტიტუტის ბიბლიოთეკა აგრარული და მემბრანული ტექნოლოგიების ინსტიტუტის ბიბლიოთეკა წიგნსაცავი 2025-04-22 10.00 636.084(075) კ-77 71180 2025-04-22 71180 ნაჩუქარი 2025-04-22 წიგნი 10 ლ.